ORAL MEDICINE:A POCKET GUIDE (Record no. 3353)

MARC details
000 -LEADER
fixed length control field 00354nam a2200145Ia 4500
008 - FIXED-LENGTH DATA ELEMENTS--GENERAL INFORMATION
fixed length control field 150201s1997 xx 000 0 und d
082 ## - DEWEY DECIMAL CLASSIFICATION NUMBER
Classification number 617.63
Item number O1997E
100 ## - MAIN ENTRY--PERSONAL NAME
Personal name EVERSOLE,LEWIS R.
245 ## - TITLE STATEMENT
Title ORAL MEDICINE:A POCKET GUIDE
250 ## - EDITION STATEMENT
Edition statement 1ST
260 ## - PUBLICATION, DISTRIBUTION, ETC. (IMPRINT)
Name of publisher, distributor, etc. SAUNDERS
Place of publication, distribution, etc. PHILADELPHIA
Date of publication, distribution, etc. 1997
300 ## - PHYSICAL DESCRIPTION
Extent 1-
650 ## - SUBJECT ADDED ENTRY--TOPICAL TERM
Topical term or geographic name as entry element ORAL MEDICINE
942 ## - ADDED ENTRY ELEMENTS (KOHA)
Source of classification or shelving scheme Dewey Decimal Classification
Koha item type Books
Holdings
Withdrawn status Lost status Source of classification or shelving scheme Damaged status Not for loan Home library Current library Date acquired Source of acquisition Cost, normal purchase price Serial Enumeration / chronology SGTU Total Checkouts Full call number Barcode Date last seen Bill Date Koha item type
    Dewey Decimal Classification     SGT Dental Library SGT Dental Library 03/01/2012 UBS 450.00 1 SGTU   617.63 O1997E FD3636 09/02/2015 08/06/2012 Books
    Dewey Decimal Classification     SGT Dental Library SGT Dental Library 03/01/2012 UBS 450.00 1 SGTU   617.63 O1997E FD3637 09/02/2015 08/06/2012 Books